Cuentos de terror: antología. Lovecraft, Andreiev, Puschkin, Bierce, Chejov, Mérimée, Hawthorne, Maupassant, Stevenson, Stoker, Crawford

Na minha lista:
Detalhes bibliográficos
Formato: Livro
Idioma:espanhol
Publicado em: Santiago Andrés Bello 1996
Edição:3a. ed
Colecção:Biblioteca Andrés Bello, 184
Assuntos:
Tags: Adicionar Tag
Sem tags, seja o primeiro a adicionar uma tag!

MARC

LEADER 00000nam a2200000 a 4500
001 UCG0133
003 CL-VaPUC
008 100312e19960000CL |||||||||||||||||spa|d
020 |a 9561312239 
082 0 4 |a 808.83  |b CUE  |2 21 
245 1 0 |a Cuentos de terror: antología. Lovecraft, Andreiev, Puschkin, Bierce, Chejov, Mérimée, Hawthorne, Maupassant, Stevenson, Stoker, Crawford 
250 |a 3a. ed 
300 |a 247 p 
942 |c BK 
945 |d 20100312 00:00:00  |a cmena 
260 |a Santiago  |b Andrés Bello  |c 1996 
650 0 |a Cuentos de terror  |9 450869 
650 0 |a Antologías  |9 309836 
583 |a last modification  |c 20121105 03:45:41  |k Rodrigo Vera 
490 0 |a Biblioteca Andrés Bello, 184 
999 |c 339880  |d 339878